[Event "SVK-ch U10"]
[Site "Tatralandia"]
[Date "2024.04.08"]
[Round "5"]
[White "Tomecek, Oskar"]
[Black "Jascur, Juraj"]
[Result "1/2-1/2"]
[WhiteElo "1000"]
[BlackElo "1000"]
[PlyCount "130"]
[EventDate "2024.04.05"]
[EventType "swiss"]
[EventRounds "9"]
[EventCountry "SVK"]
[SourceTitle "CBM 219 Extra"]
[Source "ChessBase"]
[SourceDate "2024.05.31"]
[SourceVersion "1"]
[SourceVersionDate "2024.05.31"]
[SourceQuality "1"]

1. e4 e5 2. Nc3 Bc5 3. Nf3 d6 4. Bb5+ Bd7 5. Bxd7+ Qxd7 6. 0-0 Nf6 7. a3 0-0 8. b4 Bb6 9. Ng5 c6 10. Qf3 Bd8 11. g3 c5 12. bxc5 dxc5 13. Ne2 Bc7 14. c4 b6 15. Rb1 a6 16. Qe3 h6 17. Nf3 a5 18. Bb2 Nc6 19. Nc3 Rae8 20. Nd5 Nxd5 21. cxd5 Nd8 22. Bxe5 Bxe5 23. Qb3 Bf6 24. Qxb6 Rxe4 25. Qxa5 Be7 26. Rfe1 Rxe1+ 27. Rxe1 Bd6 28. Ne5 Bxe5 29. Rxe5 f6 30. Rh5 Re8 31. Qxc5 Nb7 32. Qa7 Qf7 33. Rh4 Re1+ 34. Kg2 Qxd5+ 35. Kh3 Qd7+ 36. Rg4 f5 37. Rg6 f4+ 38. Kg2 fxg3 39. fxg3 Qxd2+ 40. Kh3 Qd7+ 41. g4 Qf7 42. Qb8+ Re8 43. Rxg7+ Kxg7 44. Qa7 h5 45. Qd4+ Kf8 46. Qb4+ Re7 47. Qc3 hxg4+ 48. Kxg4 Re6 49. Qh8+ Ke7 50. Qh4+ Rf6 51. Qe1+ Kd7 52. Qd2+ Nd6 53. Qe3 Qg7+ 54. Kh5 Qg8 55. Qa7+ Ke6 56. Qe3+ Kd7 57. Qh3+ Kc6 58. Qc3+ Nc4 59. Qxf6+ Kc5 60. Qg5+ Qxg5+ 61. Kxg5 Nxa3 62. h4 Nc4 63. h5 Nd6 64. h6 Nf7+ 65. Kg6 Nxh6 1/2-1/2